000 00674nam a22001931i 4500
001 000030487
003 RuMoIPM
005 20260506104855.0
008 130426s1964----ur | c rus
040 _aRuMoIPM
_brus
_ercr
041 0 _arus
080 _a519.2
080 _a517.1
245 1 _aТ. 2
_bТеория вероятностей, статистика и анализ
_cВ. И. Романовский
260 _bНаука
_c1964
300 _a390 с.
773 0 8 _w000030485
_7nnam
_aРомановский, Всеволод Иванович
_dТашкент: Изд-во АН УзССР Наука, 1959-
_tИзбранные труды
_gТ. 2
942 _cBK
999 _c30487
_d30487